Statistiques concernant Italien - Verbe irrégulier (Bere)

Cliquez ici pour prendre le quiz!

Statistiques générales

  • Ce quiz a été pris 4 fois
  • Le résultat moyen est 27 sur 49

Statistiques - réponses

Tempo - PersonaConiugazione% Correct
lui/leibeve
100%
voibevete
100%
tubevi
100%
noibeviamo
100%
iobevo
100%
lorobevono
75%
lui/leiberrà
50%
tuberrai
50%
loroberranno
50%
lui/leiberrebbe
50%
loroberrebbero
50%
ioberrei
50%
noiberremmo
50%
noiberremo
50%
voiberreste
50%
tuberresti
50%
voiberrete
50%
ioberrò
50%
lui/leibeva
50%
iobeva
50%
tubeva
50%
lui/leibeva
50%
lorobevano
50%
lorobevano
50%
noibevemmo
50%
io (maschile)bevendo
50%
lui/leibevesse
50%
lorobevessero
50%
tubevessi
50%
iobevessi
50%
noibevessimo
50%
voibeveste
50%
voibeveste
50%
tubevesti
50%
voibevete
50%
lui/leibeveva
50%
noibevevamo
50%
lorobevevano
50%
voibevevate
50%
tubevevi
50%
iobevevo
50%
tubevi
50%
noibeviamo
50%
noibeviamo
50%
voibeviate
50%
io (maschile)bevuto
50%
lui/leibevve
25%
lorobevvero
25%
iobevvi
25%

Distribution des résultats

Percentile par nombre de réponses

% des personnes avec chaque résultat

Votre développement - résultats

Vous n’avez pas pris ce quiz